000
00336nam a2200157Ia 4500
100
_a
Chen/Chi-Tsang
650
_a
DSP
942
_c
RB
366
_f
20
245
_a
One dimensional digital signal processing
260
_b
Marcel Dekker
_c
1979
082
_a
621.3822
_b
CHE
300
_a
448
546
_a
ENGLISH
_c
TTL
999
_c
32447
_d
32447